Statistiche per Riconosci il Calciatore - Quiz n°565

Clicka qui per fare il quiz!

Statistiche generali

  • Questo quiz è stato fatto 3 volte
  • Il punteggio medio è 10 su 20

Statistiche sulle risposte

IndizioRisposta% Corretto
Squadra di club 7Ajax 2020-2023
100%
NazionalitàPaesi Bassi
100%
RuoloPortiere
100%
Squadra di club 6Everton 2016-2020
67%
Squadra di club 3Fulham 2013-2014
67%
Squadra di club 4Monaco 2014-2015
67%
Squadra di club 5Southampton 2015-2016
67%
Gol nei club0
33%
Trofei individuali0
33%
Trofei per nazionali0
33%
Gol in nazionale0
33%
Altezza197 cm
33%
Data di nascita22/09/1982
33%
Presenze nei club440
33%
Presenze in nazionale63
33%
Peso84 kg
33%
Squadra di club 1Ajax 2002-2011
33%
Trofei per clubCampionato olandese: 5
Ajax: 2001-2002, 2003-2004, 2010-2011, 2020-2021, 2021-2022
Coppa dei Paesi Bassi: 5
Ajax: 2001-2002, 2005-2006, 2006-2007, 2009-2010, 2020-2021
Supercoppa dei Paesi Bassi: 4
Ajax: 2002, 2005, 2006, 2007
33%
CalciatoreMaarten Stekelenburg
33%
Squadra di club 2Roma 2011-2013
33%

Distribuzione punteggi

Percentile per numero di risposta

Percentuale di utenti per punteggio

I tuoi punteggi nel tempo

Non hai fatto questo quiz